| 000 | 00695nam a2200241Ia 4500 | ||
|---|---|---|---|
| 003 | OSt | ||
| 005 | 20220918215414.0 | ||
| 006 | a|||||r|||| 00| 0 | ||
| 007 | ta | ||
| 008 | 220917b |||||||| |||| 00| 0 eng d | ||
| 024 | _a141,155 | ||
| 037 | _cTextual | ||
| 040 |
_aARTS _cARTS _beng |
||
| 041 |
_2eng _aeng |
||
| 082 | _aY1:5.6, 122J4 (906) | ||
| 100 |
_aSoret Marcel _9134035 |
||
| 245 | 0 |
_aDemographie et problemes urbains en A.E.F. _b poto-poto, Bacongo, Dokisie |
|
| 260 | _c1954 | ||
| 490 | _aMemoires de L'Institut d'Etudes centra Africaines; 7 | ||
| 650 | _aSOCIOLOGY | ||
| 942 |
_hY1:5.6, 122J4 (906) _cTEXL _2CC |
||
| 999 |
_c264116 _d264116 |
||